| 000 | 00654nam a22001937a 4500 | ||
|---|---|---|---|
| 003 | DO-SdBNP | ||
| 005 | 20170120104307.0 | ||
| 008 | 170120b 1996 ck| |||| 00| 0 spa d | ||
| 020 | _a9590800114 | ||
| 040 |
_a BPMSU _bspa _cBPMSU |
||
| 100 | _aBlanco Escandel, Julio | ||
| 245 |
_aDafne alcanza un sueño / _cJulio Blanco Escandel ; edición Dolores Blanco Arrastía ; ilustraciones Rita Gutiérrez Varela |
||
| 260 |
_aLa Habana : _bGente Nueva, _c1996 |
||
| 300 |
_a19 p. : _bil.; _c16 cm. |
||
| 700 |
_a Blanco Arrastía, Dolores _eed. |
||
| 700 |
_aGutiérrez Valera, Rita _eils. |
||
| 942 |
_2ddc _cBK |
||
| 956 |
_aVMATEO _b10 _c20170120 _dBPMSU _f0069 |
||
| 999 |
_c12526 _d12526 |
||